000 01028nam a2200193Ia 4500
008 151121s9999||||xx |||||||||||||| ||und||
082 _a330/जाधव
082 _bHNW-114656
100 _aजाधव नरेंद्र
245 _aप्रज्ञा महामानवाची डॉ। बाबासाहेब आंबेडकरांचे समग्र लेखनकार्य
260 _b"ग्रंथाली प्रकाशन, मुंबई।"
260 _c2013
300 _a159
600 _aजाधव नरेंद्र
630 _aप्रज्ञा महामानवाची डॉ। बाबासाहेब आंबेडकरांचे समग्र लेखनकार्य
700 _aजाधव नरेंद्र
730 _aप्रज्ञा महामानवाची डॉ। बाबासाहेब आंबेडकरांचे समग्र लेखनकार्य
942 _cBOOK
999 _c1263595
_d1263592